Field theory (Record no. 180290)
[ view plain ]
| 000 -LEADER | |
|---|---|
| fixed length control field | 01026 a2200181 4500 |
| 003 - CONTROL NUMBER IDENTIFIER | |
| control field | Nust |
| 005 - DATE AND TIME OF LATEST TRANSACTION | |
| control field | 20221025153456.0 |
| 040 ## - CATALOGING SOURCE | |
| Transcribing agency | Nust |
| 082 ## - DEWEY DECIMAL CLASSIFICATION NUMBER | |
| Classification number | 621.3,GAN |
| 100 ## - MAIN ENTRY--PERSONAL NAME | |
| Personal name | Gangadhar, K. A. |
| 9 (RLIN) | 101369 |
| 245 ## - TITLE STATEMENT | |
| Title | Field theory |
| Remainder of title | for electrical,electronics and communication engineering / K. A. Gangadhar |
| 260 ## - PUBLICATION, DISTRIBUTION, ETC. | |
| Place of publication, distribution, etc. | Khanna |
| Name of publisher, distributor, etc. | Delhi |
| Date of publication, distribution, etc. | 1987 |
| 300 ## - PHYSICAL DESCRIPTION | |
| Extent | 428p |
| 505 ## - FORMATTED CONTENTS NOTE | |
| Formatted contents note | Introduction to Vector Analysis (Page-1), Coulombs Law (Page-26), Static Electric Field –Part.1 (Page-50), Electric Field-Part.2 (Page-114), Divergence and Curl of Vector Fields (Page-159), Magnetic Field (Page-190), Electromagnetic Indication (Page-229), Magnetic Filed of Magnetic Materials (Page-282), Maxwell’s Equation and Travelling Waves (Page-314), Plane Electromagnetic Waves (Page-334), Transmission and Reflection of Plane Wave Of Boundaries (Page-350), Guided Waves (Page-363), Wave Guides (Page-375), Passive Microwave Devices (Page-401). |
| 600 ## - SUBJECT ADDED ENTRY--PERSONAL NAME | |
| Personal name | K A Gangadhar |
| 9 (RLIN) | 101370 |
| 650 ## - SUBJECT ADDED ENTRY--TOPICAL TERM | |
| Topical term or geographic name entry element | Field Theory |
| 9 (RLIN) | 101371 |
| 942 ## - ADDED ENTRY ELEMENTS (KOHA) | |
| Source of classification or shelving scheme | |
| Koha item type | Book |
| Withdrawn status | Lost status | Source of classification or shelving scheme | Damaged status | Not for loan | Permanent Location | Current Location | Shelving location | Date acquired | Full call number | Barcode | Date last seen | Price effective from | Koha item type | Public note |
|---|---|---|---|---|---|---|---|---|---|---|---|---|---|---|
| Military College of Signals (MCS) | Military College of Signals (MCS) | General Stacks | 12/12/2016 | 621.3,GAN | MCS5350 | 12/08/2016 | 12/12/2016 | Book | Almirah No.28, Shelf No.2 | |||||
| Military College of Signals (MCS) | Military College of Signals (MCS) | General Stacks | 12/12/2016 | 621.3,GAN | MCS6764 | 12/08/2016 | 12/12/2016 | Book | Almirah No.28, Shelf No.2 |
